[Event "DEM U18w 2011"]
[Site "Oberhof GER"]
[Date "2011.06.17"]
[Round "8"]
[White "Rogasch, Miriam"]
[Black "Falke, Cynthia"]
[Result "1-0"]
[Termination "normal"]
[Board "11"]
[WhiteElo "1795"]
[BlackElo "1681"]
[PlyCount "119"]
[WhiteFideId "4616324"]
[BlackFideId "24600644"]
[EventCountry "GER"]
[EventRounds "9"]
[EventType "swiss"]
[EventDate "2011.06.11"]

1. e4 e5 2. Nf3 Nc6 3. Bb5 a6 4. Ba4 Nf6 5. O-O b5 6. Bb3 d6 7. Re1 Be7 8. c3
O-O 9. h3 Na5 10. Bc2 c5 11. d4 Qc7 12. Nbd2 exd4 13. cxd4 Ne8 14. Nf1 f5 15.
dxc5 dxc5 16. exf5 Qd6 17. Ne3 Qxd1 18. Rxd1 Nd6 19. g4 h6 20. Nd5 Bd8 21. Be3
Nab7 22. Ne5 Nf7 23. Ng6 Re8 24. a4 b4 25. b3 Ne5 26. Ndf4 Bg5 27. Nxe5 Rxe5
28. Ng6 Re8 29. Bxg5 hxg5 30. Re1 Bd7 31. Be4 Rab8 32. Bd5+ Kh7 33. Rxe8 Bxe8
34. Bxb7 Rxb7 35. Nf8+ Kg8 36. Ne6 c4 37. bxc4 b3 38. Nc5 Rb6 39. Rb1 b2 40.
Nd3 Rb3 41. Nc5 Rb4 42. Nd3 Rxa4 43. Rxb2 Rxc4 44. Rb8 Kf8 45. Ra8 Ra4 46. Nc5
Ra1+ 47. Kh2 a5 48. Ne6+ Ke7 49. Ra7+ Kf6 50. Rxg7 a4 51. Rxg5 a3 52. Rg7 a2
53. Ra7 Bc6 54. Nd4 Rh1+ 55. Kg3 Bd5 56. f4 Bf7 57. g5+ Kg7 58. Ne6+ Kg8 59.
Rxa2 Rg1+ 60. Kh4 1-0

[Event "DEM U18w 2011"]
[Site "Oberhof GER"]
[Date "2011.06.17"]
[Round "8"]
[White "Bauersfeld, Jasmin"]
[Black "Oberpriller, Katharina"]
[Result "1-0"]
[Termination "normal"]
[Board "12"]
[WhiteElo "1182"]
[BlackElo "1616"]
[PlyCount "51"]
[EventCountry "GER"]
[EventRounds "9"]
[EventType "swiss"]
[EventDate "2011.06.11"]

1. e4 c6 2. c4 d5 3. exd5 cxd5 4. cxd5 Nf6 5. Nc3 Nxd5 6. Bc4 Nf6 7. d4 e6 8.
Nf3 Nbd7 9. O-O Nb6 10. Bb3 a6 11. Bg5 Be7 12. Qc2 O-O 13. Rad1 Bd7 14. d5
Nfxd5 15. Bxe7 Nxe7 16. Rfe1 Qc7 17. Ng5 g6 18. Qd3 Qf4 19. Nge4 Bc6 20. Qd4
Nd7 21. Re3 Nf5 22. Nf6+ Nxf6 23. Qxf4 Nxe3 24. Qxe3 Rfd8 25. Rxd8+ Rxd8 26. h3
1-0

[Event "DEM U18w 2011"]
[Site "Oberhof GER"]
[Date "2011.06.18"]
[Round "9"]
[White "Schulz, Anja"]
[Black "Stitterich, Nadine"]
[Result "1-0"]
[Termination "normal"]
[Board "1"]
[WhiteElo "2087"]
[BlackElo "2015"]
[PlyCount "63"]
[WhiteFideId "24647845"]
[BlackFideId "24676527"]
[EventCountry "GER"]
[EventRounds "9"]
[EventType "swiss"]
[EventDate "2011.06.11"]

1. e4 e5 2. Bc4 Nc6 3. Nf3 Bc5 4. c3 Nf6 5. d3 d6 6. O-O Bb6 7. Nbd2 O-O 8. h3
Ne7 9. Re1 Ng6 10. Nf1 c6 11. Bb3 Bc7 12. d4 h6 13. Ng3 exd4 14. cxd4 d5 15. e5
Nh7 16. Qd3 Re8 17. Bc2 b6 18. Qc3 Bb7 19. Nf5 Nhf8 20. Nh2 c5 21. Ng4 Ne6 22.
Qg3 Qd7 23. Bxh6 Bd8 24. Bd2 cxd4 25. h4 Rc8 26. Bb1 Kf8 27. h5 Ne7 28. Nf6 Qa4
29. h6 Nxf5 30. Bxf5 gxf6 31. Bxe6 Rxe6 32. h7 1-0

[Event "DEM U18w 2011"]
[Site "Oberhof GER"]
[Date "2011.06.18"]
[Round "9"]
[White "Bochis, Julia"]
[Black "Lehmann, Patricia"]
[Result "1-0"]
[Termination "normal"]
[Board "2"]
[WhiteTitle "FM"]
[WhiteElo "2128"]
[BlackElo "1522"]
[PlyCount "137"]
[WhiteFideId "24647276"]
[BlackFideId "12900060"]
[EventCountry "GER"]
[EventRounds "9"]
[EventType "swiss"]
[EventDate "2011.06.11"]

1. d4 Nf6 2. c4 g6 3. Nc3 Bg7 4. e4 d6 5. Nge2 O-O 6. Ng3 e5 7. d5 a5 8. Be2
Ne8 9. h4 Nd7 10. h5 Nef6 11. hxg6 fxg6 12. Bg5 Qe7 13. Qd2 Qf7 14. O-O-O a4
15. Rh4 a3 16. b3 Re8 17. Rdh1 Nf8 18. Nf1 N6d7 19. f3 Bf6 20. Bxf6 Nxf6 21. g4
N6d7 22. g5 Nc5 23. Kb1 Bd7 24. Nh2 Ra6 25. Nd1 Kh8 26. Ne3 Rb6 27. Nhg4 Bxg4
28. Nxg4 Ncd7 29. Nh6 Qg7 30. Bf1 Re7 31. Bh3 Nc5 32. Kc2 Ra6 33. Qh2 Ra8 34.
b4 Ncd7 35. Bxd7 Rxd7 36. Ng4 Re7 37. Kb3 Rf7 38. Nf6 Re7 39. Rh6 c6 40. Qd2
cxd5 41. Qxd5 Rd8 42. Kxa3 Ra8+ 43. Kb3 Rd8 44. a4 Rf7 45. c5 Rxf6 46. gxf6
Qxf6 47. R6h3 dxc5 48. Qc4 cxb4 49. f4 exf4 50. Qxb4 Rd6 51. Qc3 Rb6+ 52. Ka3
Qxc3+ 53. Rxc3 Kg7 54. e5 Ne6 55. Rd1 Kf8 56. Rd7 Rc6 57. Rxc6 bxc6 58. Rd6 Ke7
59. Rxc6 f3 60. a5 f2 61. Rc1 Nd4 62. Rf1 Nc6 63. Ka4 Na7 64. Rxf2 g5 65. Rh2
Ke6 66. Rxh7 Nc8 67. Rc7 Ne7 68. Rxe7+ Kxe7 69. a6 1-0

[Event "DEM U18w 2011"]
[Site "Oberhof GER"]
[Date "2011.06.18"]
[Round "9"]
[White "Nguyen Minh, Thuy"]
[Black "Sancar, Alina"]
[Result "1-0"]
[Termination "normal"]
[Board "3"]
[WhiteElo "1937"]
[BlackElo "1795"]
[PlyCount "71"]
[WhiteFideId "24672688"]
[BlackFideId "4624750"]
[EventCountry "GER"]
[EventRounds "9"]
[EventType "swiss"]
[EventDate "2011.06.11"]

1. e4 d5 2. exd5 Qxd5 3. Nc3 Qa5 4. d4 Nf6 5. Bc4 Nc6 6. Nge2 Bg4 7. f3 Bh5 8.
Bd2 O-O-O 9. a4 Qb4 10. b3 Qd6 11. Be3 a6 12. Qd2 Bg6 13. O-O e5 14. Rfd1 Qd7
15. Qc1 Bd6 16. Na2 Qe7 17. c3 exd4 18. Nxd4 Nxd4 19. cxd4 Rhe8 20. Bf2 Qd7 21.
b4 Qxa4 22. Bf1 Qb3 23. b5 a5 24. b6 Qxb6 25. d5 c5 26. dxc6 Qxc6 27. Qg5 Re5
28. Qc1 Qxc1 29. Raxc1+ Bc7 30. Rxd8+ Kxd8 31. Nc3 Re6 32. Rd1+ Rd6 33. Rc1 Bb6
34. Nb5 Bxf2+ 35. Kxf2 b6 36. Nxd6 1-0

[Event "DEM U18w 2011"]
[Site "Oberhof GER"]
[Date "2011.06.18"]
[Round "9"]
[White "Begeluri, Nino"]
[Black "Dorn, Carina"]
[Result "0-1"]
[Termination "normal"]
[Board "4"]
[WhiteElo "1843"]
[BlackElo "1900"]
[PlyCount "102"]
[BlackFideId "24666335"]
[EventCountry "GER"]
[EventRounds "9"]
[EventType "swiss"]
[EventDate "2011.06.11"]

1. e4 e6 2. d4 d5 3. Nd2 Nf6 4. e5 Nfd7 5. f4 c5 6. Ngf3 Nc6 7. Nb3 cxd4 8.
Nbxd4 Be7 9. Be2 a6 10. O-O Qc7 11. Kh1 Nc5 12. c3 Bd7 13. Qe1 O-O-O 14. Be3 f6
15. b4 Ne4 16. b5 Nxd4 17. Nxd4 a5 18. b6 Qc5 19. Nf5 Qa3 20. Nxe7+ Qxe7 21. c4
Qa3 22. Bd4 Bc6 23. c5 f5 24. Rf3 Qa4 25. Qd1 Qxd1+ 26. Bxd1 Kd7 27. Ra3 Ra8
28. Ba4 Bxa4 29. Rxa4 Kc6 30. Ra3 h6 31. Rc1 g5 32. Rf3 g4 33. Rb3 a4 34. Rb2
Ra5 35. a3 Rc8 36. Rcb1 Kd7 37. Rb5 Rxb5 38. Rxb5 Ra8 39. Rb4 Kc6 40. g3 Ra5
41. Kg1 Nxc5 42. Be3 Rb5 43. Bxc5 Kxc5 44. Rxa4 Rxb6 45. Ra8 Kd4 46. Rc8 Ke3
47. Rc1 Rb2 48. Kh1 d4 49. h3 h5 50. hxg4 hxg4 51. Kg1 d3 0-1

[Event "DEM U18w 2011"]
[Site "Oberhof GER"]
[Date "2011.06.18"]
[Round "9"]
[White "Sonnhalter, Stella"]
[Black "Kölbl, Ines"]
[Result "1/2-1/2"]
[Termination "normal"]
[Board "5"]
[WhiteElo "1748"]
[BlackElo "1808"]
[PlyCount "38"]
[WhiteFideId "4624815"]
[BlackFideId "24697052"]
[EventCountry "GER"]
[EventRounds "9"]
[EventType "swiss"]
[EventDate "2011.06.11"]

1. e4 c6 2. Ne2 e5 3. d4 d6 4. Nbc3 Nd7 5. g3 Ngf6 6. Bg2 Be7 7. O-O O-O 8. h3
b5 9. f4 Bb7 10. a3 Qb6 11. Be3 Rad8 12. Qd2 exd4 13. Nxd4 Qc7 14. Nf5 Nb6 15.
Qf2 Rfe8 16. g4 Bf8 17. Bd4 Nfd7 18. g5 Ba6 19. Qg3 g6 1/2-1/2

[Event "DEM U18w 2011"]
[Site "Oberhof GER"]
[Date "2011.06.18"]
[Round "9"]
[White "Sturm, Johanna"]
[Black "Carow, Annelen"]
[Result "0-1"]
[Termination "normal"]
[Board "6"]
[WhiteElo "1606"]
[BlackElo "1860"]
[PlyCount "54"]
[WhiteFideId "12909904"]
[BlackFideId "24692492"]
[EventCountry "GER"]
[EventRounds "9"]
[EventType "swiss"]
[EventDate "2011.06.11"]

1. e4 d5 2. exd5 Qxd5 3. Nc3 Qd6 4. Nf3 Nf6 5. Be2 Nc6 6. d3 Bf5 7. a3 e5 8.
Be3 a6 9. Qd2 Nd4 10. h3 Be7 11. Bg5 Bg6 12. Bxf6 gxf6 13. Nxd4 Qxd4 14. Qe3
O-O-O 15. Qxd4 Rxd4 16. O-O-O f5 17. Bf3 Rhd8 18. Rhe1 Bf6 19. g3 c5 20. Bg2 c4
21. dxc4 Bg5+ 22. Kb1 Bd2 23. Ne2 Bxe1 24. Rxe1 Rd1+ 25. Rxd1 Rxd1+ 26. Nc1 e4
27. f4 Rg1 0-1

[Event "DEM U18w 2011"]
[Site "Oberhof GER"]
[Date "2011.06.18"]
[Round "9"]
[White "Evers, Annika"]
[Black "Maiwald, Anja"]
[Result "1-0"]
[Termination "normal"]
[Board "9"]
[WhiteElo "1675"]
[BlackElo "1483"]
[PlyCount "33"]
[WhiteFideId "24691933"]
[EventCountry "GER"]
[EventRounds "9"]
[EventType "swiss"]
[EventDate "2011.06.11"]

1. d4 c5 2. e3 cxd4 3. exd4 d5 4. Nf3 Nf6 5. Bd3 Bg4 6. c4 dxc4 7. Bxc4 e6 8.
Qb3 b6 9. Bb5+ Nbd7 10. Ne5 h6 11. Bxd7+ Nxd7 12. Nxg4 Rc8 13. O-O Be7 14. Qg3
Nf6 15. Nxf6+ Bxf6 16. Be3 Rc6 17. Nc3 1-0

[Event "DEM U18w 2011"]
[Site "Oberhof GER"]
[Date "2011.06.18"]
[Round "9"]
[White "Beier, Nina"]
[Black "Oberpriller, Katharina"]
[Result "1/2-1/2"]
[Termination "normal"]
[Board "10"]
[WhiteElo "1521"]
[BlackElo "1616"]
[PlyCount "38"]
[WhiteFideId "24660434"]
[EventCountry "GER"]
[EventRounds "9"]
[EventType "swiss"]
[EventDate "2011.06.11"]

1. e4 c6 2. d4 d5 3. Nc3 dxe4 4. Nxe4 Bf5 5. Ng3 Bg6 6. h4 h6 7. Nf3 Nd7 8. h5
Bh7 9. Bd3 Bxd3 10. Qxd3 e6 11. Bf4 Ngf6 12. c4 Qa5+ 13. Bd2 Bb4 14. a3 Bxd2+
15. Qxd2 Qc7 16. O-O-O O-O-O 17. Qe3 Ng4 18. Qe2 Nb6 19. Ne5 Nf6 1/2-1/2

[Event "DEM U18w 2011"]
[Site "Oberhof GER"]
[Date "2011.06.18"]
[Round "9"]
[White "Velina, Valeria"]
[Black "Bauersfeld, Jasmin"]
[Result "1-0"]
[Termination "normal"]
[Board "11"]
[WhiteElo "1751"]
[BlackElo "1182"]
[PlyCount "35"]
[WhiteFideId "24677345"]
[EventCountry "GER"]
[EventRounds "9"]
[EventType "swiss"]
[EventDate "2011.06.11"]

1. e4 e6 2. d4 d5 3. Nc3 Nf6 4. e5 Nfd7 5. Nf3 c5 6. dxc5 Bxc5 7. Bd3 Nc6 8.
Bf4 Qb6 9. O-O O-O 10. Bxh7+ Kxh7 11. Ng5+ Kg8 12. Qh5 Rd8 13. Qxf7+ Kh8 14.
Qh5+ Kg8 15. Qh7+ Kf8 16. Qh8+ Ke7 17. Qxg7+ Ke8 18. Qf7# 1-0

[Event "DEM U18w 2011"]
[Site "Oberhof GER"]
[Date "2011.06.18"]
[Round "9"]
[White "Falke, Cynthia"]
[Black "Garny, Annica"]
[Result "1/2-1/2"]
[Termination "normal"]
[Board "12"]
[WhiteElo "1681"]
[BlackElo "1783"]
[PlyCount "31"]
[WhiteFideId "24600644"]
[BlackFideId "24600660"]
[EventCountry "GER"]
[EventRounds "9"]
[EventType "swiss"]
[EventDate "2011.06.11"]

1. e4 e5 2. Nf3 Nc6 3. Bc4 Bc5 4. d3 d6 5. Nc3 Nf6 6. Bg5 h6 7. Bxf6 Qxf6 8. a3
Na5 9. Bb5+ Nc6 10. Bxc6+ bxc6 11. Na4 Bb6 12. Nxb6 cxb6 13. Qe2 Bg4 14. O-O-O
Bxf3 15. Qxf3 Qxf3 16. gxf3 1/2-1/2

[Event "DEM U16 2011"]
[Site "Oberhof GER"]
[Date "2011.06.12"]
[Round "1"]
[White "Mons, Leon"]
[Black "Müller, Alexander"]
[Result "1-0"]
[Termination "normal"]
[Board "1"]
[WhiteElo "2258"]
[BlackElo "1908"]
[PlyCount "89"]
[WhiteFideId "4614950"]
[BlackFideId "4624696"]
[EventCountry "GER"]
[EventRounds "9"]
[EventType "swiss"]
[EventDate "2011.06.11"]

1. g3 Nf6 2. Bg2 d5 3. Nf3 g6 4. c4 c6 5. b3 Bg7 6. Bb2 O-O 7. O-O Nbd7 8. d3
Re8 9. Nc3 a6 10. d4 b5 11. Qc2 Bb7 12. Rad1 Rc8 13. Ne5 Nxe5 14. dxe5 Ng4 15.
e6 fxe6 16. Bh3 Nf6 17. Bxe6+ Kh8 18. Bxc8 Qxc8 19. e4 b4 20. Na4 Nxe4 21. cxd5
cxd5 22. Qxc8 Rxc8 23. Bxg7+ Kxg7 24. Nb6 Rd8 25. Rfe1 Rd6 26. Na4 Kf7 27. Rc1
Bc6 28. Nc5 Nc3 29. Nxa6 Nxa2 30. Rc2 Bb5 31. Nc7 Rc6 32. Rxc6 Bxc6 33. Ne6 Bb5
34. Ng5+ Ke8 35. f4 h6 36. Ne6 Nc3 37. Kf2 Bd3 38. Ke3 Bc2 39. Nd4 Be4 40. Ra1
Kf7 41. Ra7 Kf6 42. Nc6 e6 43. Ne5 d4+ 44. Kf2 Nd1+ 45. Kg1 1-0

[Event "DEM U16 2011"]
[Site "Oberhof GER"]
[Date "2011.06.12"]
[Round "1"]
[White "Noe, Christopher"]
[Black "Wagner, Dennis"]
[Result "1/2-1/2"]
[Termination "normal"]
[Board "2"]
[WhiteElo "1998"]
[BlackElo "2240"]
[PlyCount "73"]
[WhiteFideId "24692018"]
[BlackFideId "24650684"]
[EventCountry "GER"]
[EventRounds "9"]
[EventType "swiss"]
[EventDate "2011.06.11"]

1. e4 c5 2. Nf3 e6 3. d3 Nc6 4. g3 g6 5. Bg2 Bg7 6. O-O Nge7 7. c3 O-O 8. Re1
e5 9. Nbd2 d5 10. exd5 Nxd5 11. Nc4 Re8 12. Qb3 Nb6 13. Bg5 Qc7 14. Nxb6 axb6
15. d4 h6 16. Bc1 Be6 17. d5 Na5 18. Qd1 Rad8 19. dxe6 Rxd1 20. exf7+ Qxf7 21.
Rxd1 Kh8 22. Nd2 Rd8 23. Re1 Rd7 24. Ne4 Nc4 25. b3 Nd6 26. Be3 Bf8 27. Nxd6
Rxd6 28. c4 Kh7 29. Rad1 Qd7 30. Rd5 Rxd5 31. Bxd5 Qf5 32. Rd1 Bg7 33. Bxb7 Qc2
34. Rd2 Qb1+ 35. Kg2 e4 36. Rd6 Bd4 37. Rd7+ 1/2-1/2

[Event "DEM U16 2011"]
[Site "Oberhof GER"]
[Date "2011.06.12"]
[Round "1"]
[White "Miller, Eduard"]
[Black "Kügel, Tobias"]
[Result "1-0"]
[Termination "normal"]
[Board "5"]
[WhiteElo "2118"]
[BlackElo "2024"]
[PlyCount "117"]
[WhiteFideId "24687022"]
[BlackFideId "4636295"]
[EventCountry "GER"]
[EventRounds "9"]
[EventType "swiss"]
[EventDate "2011.06.11"]

1. d4 d5 2. c4 c6 3. Nf3 Nf6 4. e3 Nbd7 5. Nc3 a6 6. Bd2 b5 7. cxd5 cxd5 8. Rc1
Bb7 9. a4 b4 10. Na2 a5 11. Ne5 Nxe5 12. dxe5 Nd7 13. Bb5 Ba6 14. Qe2 Bxb5 15.
Qxb5 e6 16. e4 Rb8 17. Qc6 Rb6 18. Qc7 Qxc7 19. Rxc7 Nxe5 20. Ke2 Be7 21. Bf4
Ng6 22. Be3 Ra6 23. exd5 Bd6 24. Rc6 Rxc6 25. dxc6 Bc7 26. Rd1 Ne7 27. Rd7 Bd8
28. Bc5 Nxc6 29. Rb7 h5 30. Nc1 h4 31. Nb3 Rh5 32. Kd3 Rd5+ 33. Kc4 Ne5+ 34.
Kb5 Nd7 35. Ra7 Rd3 36. Nxa5 Bxa5 37. Rxa5 Nxc5 38. Kxc5 Rb3 39. Rb5 Rxb2 40.
Rxb4 Rxf2 41. a5 Ra2 42. Kb6 Kd7 43. a6 Rxg2 44. a7 Ra2 45. Rxh4 Kd6 46. Rd4+
Ke5 47. Rd8 f5 48. a8=Q Rxa8 49. Rxa8 g5 50. Kc5 f4 51. Kc4 Ke4 52. Kc3 Ke3 53.
Re8 g4 54. Rxe6+ Kf3 55. Kd3 Kg2 56. Rg6 g3 57. hxg3 f3 58. Rf6 f2 59. g4 1-0

[Event "DEM U16 2011"]
[Site "Oberhof GER"]
[Date "2011.06.12"]
[Round "1"]
[White "Powierski, Emil"]
[Black "Friedrich, Wiede"]
[Result "0-1"]
[Termination "normal"]
[Board "6"]
[WhiteElo "2000"]
[BlackElo "2193"]
[PlyCount "68"]
[WhiteFideId "4656199"]
[BlackFideId "24629537"]
[EventCountry "GER"]
[EventRounds "9"]
[EventType "swiss"]
[EventDate "2011.06.11"]

1. e4 c5 2. Nf3 d6 3. d4 cxd4 4. Nxd4 Nf6 5. Nc3 a6 6. Be3 Ng4 7. Bc1 Nf6 8.
Be3 e5 9. Nb3 Be6 10. Qd2 Nbd7 11. f3 b5 12. O-O-O Nb6 13. Qf2 Nfd7 14. Kb1 Nc4
15. Bc1 Rc8 16. Nd5 Bxd5 17. exd5 Be7 18. f4 O-O 19. fxe5 dxe5 20. Bd3 f5 21.
g4 f4 22. Bxc4 bxc4 23. Nd2 Nf6 24. Nf3 Bd6 25. g5 Ne4 26. Qg2 Qa5 27. Ka1 Rb8
28. c3 Nxc3 29. bxc3 Qxc3+ 30. Bb2 Rxb2 31. Qxb2 Qxf3 32. Rhf1 Qh3 33. Rfe1 Rb8
34. Qc2 Bb4 0-1

[Event "DEM U16 2011"]
[Site "Oberhof GER"]
[Date "2011.06.12"]
[Round "1"]
[White "Stahnecker, Ludwig"]
[Black "Holle, Cedric"]
[Result "1/2-1/2"]
[Termination "normal"]
[Board "7"]
[WhiteElo "2087"]
[BlackElo "1832"]
[PlyCount "66"]
[WhiteFideId "24692026"]
[BlackFideId "24692158"]
[EventCountry "GER"]
[EventRounds "9"]
[EventType "swiss"]
[EventDate "2011.06.11"]

1. e4 e6 2. d4 d5 3. Nc3 Nf6 4. Bg5 Be7 5. e5 Nfd7 6. Bxe7 Qxe7 7. f4 a6 8. Nf3
c5 9. dxc5 Nc6 10. Bd3 Nxc5 11. Qd2 b5 12. O-O-O O-O 13. Kb1 f5 14. exf6 Qxf6
15. Rhf1 Nxd3 16. Qxd3 Nb4 17. Qe2 Bb7 18. Ne5 Rad8 19. g3 d4 20. Ne4 Bxe4 21.
Qxe4 Qf5 22. Rfe1 Rc8 23. Rd2 g5 24. Qxf5 Rxf5 25. Nf3 gxf4 26. Nxd4 Rd5 27.
gxf4 Kf7 28. c3 Rc4 29. Re5 Rd8 30. Rde2 Rdxd4 31. cxd4 Nd3 32. Rc2 Nxe5 33.
fxe5 Rxd4 1/2-1/2

[Event "DEM U16 2011"]
[Site "Oberhof GER"]
[Date "2011.06.12"]
[Round "1"]
[White "Perestjuk, Marko"]
[Black "Kaphle, Sebastian"]
[Result "0-1"]
[Termination "normal"]
[Board "8"]
[WhiteElo "1957"]
[BlackElo "2171"]
[PlyCount "102"]
[WhiteFideId "1270254"]
[BlackFideId "24626708"]
[EventCountry "GER"]
[EventRounds "9"]
[EventType "swiss"]
[EventDate "2011.06.11"]

1. e4 c5 2. Nf3 e6 3. d4 cxd4 4. Nxd4 Nf6 5. Nc3 Nc6 6. Ndb5 Bb4 7. Bf4 Nxe4 8.
Qf3 d5 9. Nc7+ Kf8 10. Nxa8 e5 11. Bd2 Nxd2 12. Qxd5 Nxf1 13. Qxd8+ Nxd8 14.
O-O-O Ne6 15. Nc7 Bxc3 16. Nxe6+ Ke7 17. bxc3 Bxe6 18. Rhxf1 Bxa2 19. Rfe1 Ke6
20. g4 g5 21. Rd4 Bd5 22. c4 Bc6 23. c5 f6 24. Re3 h5 25. Rd6+ Ke7 26. Rh3 h4
27. Ra3 a6 28. Kb2 Rf8 29. Re3 a5 30. Kc3 Ra8 31. Kc4 a4 32. Kb4 Rf8 33. Rdd3
Ke6 34. Rd4 e4 35. Rd2 f5 36. gxf5+ Rxf5 37. h3 Ke5 38. Re1 Rf3 39. Re3 Kf4 40.
Rxf3+ Kxf3 41. Kc4 g4 42. hxg4 Kxg4 43. Rd1 h3 44. Rg1+ Kf4 45. Rg7 Kf3 46.
Rg3+ Kxf2 47. Rxh3 e3 48. Kd3 e2 49. Rh2+ Bg2 50. Rxg2+ Kxg2 51. Kxe2 a3 0-1

[Event "DEM U16 2011"]
[Site "Oberhof GER"]
[Date "2011.06.12"]
[Round "1"]
[White "Schreiner, Till"]
[Black "Stanau, Guido"]
[Result "1-0"]
[Termination "normal"]
[Board "9"]
[WhiteElo "2159"]
[BlackElo "1994"]
[PlyCount "87"]
[WhiteFideId "24675555"]
[BlackFideId "24692255"]
[EventCountry "GER"]
[EventRounds "9"]
[EventType "swiss"]
[EventDate "2011.06.11"]

1. d4 Nf6 2. c4 g6 3. Nc3 Bg7 4. e4 d6 5. f3 O-O 6. Be3 c5 7. Nge2 Nc6 8. d5
Ne5 9. Ng3 h5 10. Be2 e6 11. O-O exd5 12. cxd5 a6 13. a4 Nh7 14. Qd2 h4 15. Nh1
f5 16. Nf2 Bd7 17. a5 Qf6 18. f4 Nf7 19. Rae1 g5 20. exf5 Bxf5 21. Bd3 g4 22.
Nfe4 Qg6 23. Bf2 Rfe8 24. Qc2 Nh6 25. Qb1 Nf6 26. Bxh4 c4 27. Nxf6+ Bxf6 28.
Bxf5 Nxf5 29. Bxf6 Qxf6 30. Re4 Re7 31. Rfe1 Rh7 32. Re8+ Rxe8 33. Rxe8+ Kf7
34. Qe4 Ng7 35. Rb8 Qh4 36. Rxb7+ Kg8 37. Rb8+ Kf7 38. Rb7+ Kg8 39. Kf1 Qxh2
40. Qg6 Qxf4+ 41. Ke2 Qf8 42. Ne4 Rh1 43. Nf6+ Kh8 44. Rxg7 1-0

[Event "DEM U16 2011"]
[Site "Oberhof GER"]
[Date "2011.06.12"]
[Round "1"]
[White "Hacker, Jonas"]
[Black "Neef, Maximilian"]
[Result "1-0"]
[Termination "normal"]
[Board "10"]
[WhiteElo "1765"]
[BlackElo "1999"]
[PlyCount "95"]
[WhiteFideId "1270968"]
[BlackFideId "24692085"]
[EventCountry "GER"]
[EventRounds "9"]
[EventType "swiss"]
[EventDate "2011.06.11"]

1. e4 c5 2. Nf3 e6 3. d4 cxd4 4. Nxd4 a6 5. Bd3 Bc5 6. Nb3 Ba7 7. O-O Nc6 8. c4
d6 9. Nc3 Nf6 10. Be2 h6 11. Bf4 e5 12. Bg3 Be6 13. Kh1 g5 14. Qc2 h5 15. f3 h4
16. Bf2 Bxf2 17. Rxf2 Qb6 18. Kg1 Nh5 19. Rd1 Rd8 20. Qd2 Nf4 21. Nd5 Bxd5 22.
cxd5 Ne7 23. Bf1 Rg8 24. h3 Rc8 25. Qa5 Qxa5 26. Nxa5 Rc7 27. Nc4 Nc8 28. Rc2
Kd8 29. Rdc1 Re8 30. Nxd6 Rxc2 31. Nxf7+ Ke7 32. Rxc2 Kxf7 33. Rc7+ Kf6 34.
Rxb7 Re7 35. Rxe7 Kxe7 36. Bxa6 Nd6 37. b4 Kd7 38. a4 Kc7 39. a5 Nh5 40. Kf2
Kb8 41. Bf1 Nf6 42. g4 Nfe8 43. b5 Nc7 44. b6 Na8 45. Ba6 Ne8 46. Ke3 Nf6 47.
Kd3 Nd7 48. Kc4 1-0

[Event "DEM U16 2011"]
[Site "Oberhof GER"]
[Date "2011.06.12"]
[Round "1"]
[White "Moritz, Aron"]
[Black "Müller, Nick"]
[Result "1-0"]
[Termination "normal"]
[Board "11"]
[WhiteElo "2094"]
[BlackElo "1958"]
[PlyCount "70"]
[WhiteFideId "24672319"]
[BlackFideId "24692093"]
[EventCountry "GER"]
[EventRounds "9"]
[EventType "swiss"]
[EventDate "2011.06.11"]

1. e4 c5 2. Nf3 d6 3. d4 cxd4 4. Nxd4 Nf6 5. Nc3 a6 6. Be3 Ng4 7. Bg5 h6 8. Bh4
g5 9. Bg3 Bg7 10. h3 Ne5 11. f3 Nbc6 12. Bf2 O-O 13. Qd2 Nxd4 14. Bxd4 Be6 15.
h4 Qa5 16. hxg5 hxg5 17. Rh5 g4 18. fxg4 Bxg4 19. Rg5 Be6 20. Be2 f6 21. Rg3
Nf7 22. O-O-O b5 23. Qf4 Ng5 24. Rxg5 fxg5 25. Qxg5 Rf6 26. Nd5 Qxa2 27. Nxe7+
Kf7 28. Bh5+ Kxe7 29. Qxg7+ Rf7 30. Bxf7 Bxf7 31. Qf6+ Kd7 32. b3 Bxb3 33. Bb2
Be6 34. Qd4 Qc4 35. Qxd6+ Ke8 1-0

[Event "DEM U16 2011"]
[Site "Oberhof GER"]
[Date "2011.06.12"]
[Round "1"]
[White "Muth, Matthias"]
[Black "Kaulich, Philipp Theodor"]
[Result "0-1"]
[Termination "normal"]
[Board "12"]
[WhiteElo "1908"]
[BlackElo "1999"]
[PlyCount "102"]
[WhiteFideId "1271747"]
[BlackFideId "4641582"]
[EventCountry "GER"]
[EventRounds "9"]
[EventType "swiss"]
[EventDate "2011.06.11"]

1. c4 f5 2. g3 Nf6 3. Bg2 g6 4. Nf3 Bg7 5. Nc3 d6 6. d4 e6 7. Bg5 h6 8. Bxf6
Qxf6 9. e4 e5 10. Nd5 Qf7 11. dxe5 dxe5 12. exf5 Bxf5 13. Nh4 c6 14. Nxf5 gxf5
15. Bf3 O-O 16. Bh5 Qd7 17. Nc3 Qe6 18. Qb3 Nd7 19. Na4 Rad8 20. Be2 b6 21.
O-O-O Kh8 22. Rd2 Bf6 23. h4 e4 24. Rhd1 Ne5 25. c5 Qxb3 26. axb3 b5 27. Nc3 b4
28. Na4 Rxd2 29. Rxd2 Rd8 30. Rd6 Kg7 31. Ba6 Kf7 32. Bb7 Ke7 33. Rd2 Rd3 34.
Kc2 Kd7 35. Ba6 Rxd2+ 36. Kxd2 Ng4 37. Ke2 Be5 38. f3 Nf6 39. Kf2 Bd4+ 40. Ke2
Nh5 41. fxe4 fxe4 42. g4 Nf4+ 43. Kf1 e3 44. g5 hxg5 45. hxg5 Ke6 46. Bc8+ Kd5
47. Bf5 Be5 48. g6 e2+ 49. Kf2 Bd4+ 50. Ke1 Bf6 51. g7 Bh4+ 0-1

[Event "DEM U16 2011"]
[Site "Oberhof GER"]
[Date "2011.06.12"]
[Round "1"]
[White "Tran, Duc Cuong"]
[Black "Stövesand, Eric"]
[Result "1-0"]
[Termination "normal"]
[Board "13"]
[WhiteElo "1986"]
[BlackElo "1864"]
[PlyCount "67"]
[WhiteFideId "24689718"]
[BlackFideId "24651117"]
[EventCountry "GER"]
[EventRounds "9"]
[EventType "swiss"]
[EventDate "2011.06.11"]

1. d4 d5 2. Nf3 Nf6 3. e3 e6 4. Bd3 Be7 5. O-O Nbd7 6. b3 O-O 7. Bb2 b6 8. Ne5
Nxe5 9. dxe5 Ne8 10. Nd2 g6 11. e4 c5 12. f4 Ng7 13. Qg4 f5 14. exf5 exf5 15.
Qf3 Rb8 16. a4 Bb7 17. Rad1 Qc7 18. Qg3 Rbd8 19. Kh1 a6 20. Rfe1 Ne6 21. h4 Ng7
22. Be2 Qc6 23. Bf3 Qc8 24. h5 Qe6 25. h6 Ne8 26. Be2 Nc7 27. Nf3 Qc6 28. e6
Nxe6 29. Ne5 Qe8 30. Bh5 Rf6 31. Nxg6 Rxg6 32. Bxg6 hxg6 33. Rxe6 Rd6 34. h7+
1-0

[Event "DEM U16 2011"]
[Site "Oberhof GER"]
[Date "2011.06.12"]
[Round "1"]
[White "Neumair, Jerome"]
[Black "Hocke, Sebastian"]
[Result "1-0"]
[Termination "normal"]
[Board "15"]
[WhiteElo "2115"]
[BlackElo "1684"]
[PlyCount "83"]
[WhiteFideId "24672637"]
[BlackFideId "24678724"]
[EventCountry "GER"]
[EventRounds "9"]
[EventType "swiss"]
[EventDate "2011.06.11"]

1. d4 d5 2. c4 e6 3. Nc3 Nf6 4. cxd5 exd5 5. Bg5 Nbd7 6. e3 Be7 7. Bd3 c6 8.
Qc2 O-O 9. Nge2 Re8 10. O-O-O b5 11. f3 Qb6 12. h3 a5 13. Bxf6 Nxf6 14. e4 g6
15. e5 Nh5 16. f4 a4 17. g4 Ng7 18. Kb1 Qa5 19. Nc1 b4 20. N3e2 Ba6 21. Qd2 Qb6
22. f5 Bf8 23. h4 b3 24. a3 c5 25. Bxa6 Rxa6 26. h5 gxf5 27. gxf5 Nxf5 28. Qg5+
Ng7 29. h6 cxd4 30. hxg7 Bxg7 31. Rhg1 Qg6+ 32. Qxg6 hxg6 33. Nxd4 Rxe5 34. Nd3
Re3 35. Nb4 Rd6 36. Nbc6 Rf6 37. Rg2 Rd3 38. Re1 Re3 39. Rd1 Rd3 40. Rh1 Rf4
41. Ne7+ Kf8 42. Nxg6+ 1-0